000 00744nam a22002297a 4500
003 UA-OsUOA
001 36408
007 ta
008 20060124b un ||||| |||| 00| 0 ukr d
090 _a94(477-25).05
_bП55
942 _cBK
040 _aUA-OsUOA
_bukr
_cUA-OsUOA
_dUA-OsUOA
245 _aПоменник Софії Київської
_bПублікація рукописної пам'ятки другої половини XVIII - першої чверті XIX ст.
_cО.Прокоп'юк
300 _a259 с.
955 _a2
041 _aukr
080 _a94(477-25).05
020 _a966-02-3172-5
260 _aК.
_c2004
650 7 _a9 Географія. Біографії. Історія
_2UDC
999 _c322648
_d322648